000 00606nam a22001937a 4500
999 _c181088
_d181088
005 20210831111915.0
010 _aUR-11214
020 _c208.00
_a9789351266136
035 _aU-9769
037 _bDBAD/PUB
082 _a844
100 _aو سيم فر حت
245 _aشا ہکا ر
_cو سيم فر حت
246 _aShahkar (Urdu)
_bEdited by Waseem Farhat
260 _aDelhi
_c2020 ء
_bEducational Publishing House
270 _a3191,Vakil Street, Kucha Pandit Lal Kuan,
_b Delhi
_e110006
_l23216162
300 _a352 ص
_c22 Cm(Hb)
942 _2ddc
_cUR
_h844
_mو س ی